Geografía electoral en una Venezuela polarizada /

Gorde:
Xehetasun bibliografikoak
Egile nagusia: López Maya, Margarita
Beste egile batzuk: Lander, Luis E.
Formatua: Texto
Etiketak: Etiketa erantsi
Etiketarik gabe, Izan zaitez lehena erregistro honi etiketa jartzen!

MARC

LEADER 00000 a a2200000 04500
001 11023
003
040
100 |a López Maya, Margarita  
245 |a Geografía electoral en una Venezuela polarizada /  |c Margarita López Maya /  |c Luis E. Lander 
700 |a Lander, Luis E.  
773 |g volumen 5, número 14; páginas 15-36  
999 |c 31236  |d 31236